000 02314cam a2200289 i 4500
001 13606504
005 20250321101417.0
008 240204s2024 enk 000 f eng d
020 _a9781803511238
_qpaperback
024 _a60002550246
035 _a(OCoLC)on1419867595
040 _aYDX
_beng
_erda
_cYDX
_dSINLB
_dQGQ
_dOCLCO
_dYDX
_dUtOrBLW
041 1 _aeng
_hspa
050 4 _aPQ7798.15.N75
_bL8413 2024
100 _aEnriquez, Mariana,
_eauthor.
_923650
240 1 0 _aLugar soleado para gente sombría.
_lEnglish
245 1 2 _aA sunny place for shady people
_b: stories /
_cMariana Enriquez ; translated from the Spanish by Megan McDowell.
264 1 _aLondon :
_bGranta Books,
_c2024.
300 _axi, 257 pages :
_billustrations ;
_c22 cm
500 _a"Originally published in Spain as Un lugar soleado para gente sombríia by by Anagrama in Barcelona, Spain in 2024"--Title page verso.
520 _aOn the shores of this river, all the birds that fly, drink, perch on branches, and disturb siestas with the demonic squawking of the possessed-all those birds were once women. Welcome to Argentina and the fascinating, frightening, fantastical imagination of Mariana Enriquez. In twelve spellbinding new stories, Enriquez writes about ordinary people, especially women, whose lives turn inside out when they encounter terror, the surreal, and the supernatural. A neighborhood nuisanced by ghosts, a family whose faces melt away, a faded hotel haunted by a girl who dissolved in the watertank on the roof, a riverbank populated by birds that used to be women-these and other tales illuminate the shadows of contemporary life, where the line between good and evil no longer exists. Lyrical and hypnotic, heart-stopping and deeply moving, Enriquez's stories never fail to enthrall, entertain, and leave us shaken. Translated by the award-winning Megan McDowell, Enriquez's latest collection showcases her unique blend of the literary and the horrific, and show why Kazuo Ishiguro, winner of the Nobel Prize for Literature, calls her, "the most exciting discovery I've made in fiction for some time.
600 0 _aEnriquez, Mariana
_vTranslations into English.
_923650
650 0 _aWomen
_vFiction
_911136
650 0 _aSpirits
_vFiction.
700 _aMcDowell, Megan,
_etranslator.
_924949
942 _2lcc
999 _c4550
_d4550